<?xml version="1.0" encoding="UTF-8"?><?xml-stylesheet type="text/xsl" href="static/style.xsl"?><OAI-PMH xmlns="http://www.openarchives.org/OAI/2.0/" xmlns:xsi="http://www.w3.org/2001/XMLSchema-instance" xsi:schemaLocation="http://www.openarchives.org/OAI/2.0/ http://www.openarchives.org/OAI/2.0/OAI-PMH.xsd"><responseDate>2026-04-29T00:59:52Z</responseDate><request verb="GetRecord" identifier="oai:repisalud.isciii.es:20.500.12105/23587" metadataPrefix="marc">https://repisalud.isciii.es/rest/oai/request</request><GetRecord><record><header><identifier>oai:repisalud.isciii.es:20.500.12105/23587</identifier><datestamp>2024-10-09T06:33:33Z</datestamp><setSpec>com_20.500.12105_15322</setSpec><setSpec>com_20.500.12105_2051</setSpec><setSpec>col_20.500.12105_16967</setSpec></header><metadata><record xmlns="http://www.loc.gov/MARC21/slim" xmlns:dcterms="http://purl.org/dc/terms/" xmlns:doc="http://www.lyncode.com/xoai" xmlns:xsi="http://www.w3.org/2001/XMLSchema-instance" xsi:schemaLocation="http://www.loc.gov/MARC21/slim http://www.loc.gov/standards/marcxml/schema/MARC21slim.xsd">
   <leader>00925njm 22002777a 4500</leader>
   <datafield ind2=" " ind1=" " tag="042">
      <subfield code="a">dc</subfield>
   </datafield>
   <datafield ind2=" " ind1=" " tag="720">
      <subfield code="a">García-Pazo, Patricia</subfield>
      <subfield code="e">author</subfield>
   </datafield>
   <datafield ind2=" " ind1=" " tag="720">
      <subfield code="a">Calvo Bota, Alba Marina</subfield>
      <subfield code="e">author</subfield>
   </datafield>
   <datafield ind2=" " ind1=" " tag="720">
      <subfield code="a">Pol Castañer, Sandra</subfield>
      <subfield code="e">author</subfield>
   </datafield>
   <datafield ind2=" " ind1=" " tag="720">
      <subfield code="a">Sánchez Santos, Rosa María</subfield>
      <subfield code="e">author</subfield>
   </datafield>
   <datafield ind2=" " ind1=" " tag="720">
      <subfield code="a">Dosantos Fernández, Josefina</subfield>
      <subfield code="e">author</subfield>
   </datafield>
   <datafield ind2=" " ind1=" " tag="720">
      <subfield code="a">Luque López, Lourdes</subfield>
      <subfield code="e">author</subfield>
   </datafield>
   <datafield ind2=" " ind1=" " tag="260">
      <subfield code="c">2023-11</subfield>
   </datafield>
   <datafield ind2=" " ind1=" " tag="520">
      <subfield code="a">Objetivo: El objetivo es que el alumnado adquiera un conocimiento significativo de las maniobras de Reanimación Cardiopulmonar Básica (RCPB) para posteriormente implementarlo en situaciones reales o simuladas. Metodología: La línea metodológica de esta propuesta docente se focaliza en un modelo de aprendizaje realista, intentando establecer un vínculo real entre la teoría y la práctica. Para ello, es necesario promover la participación activa de los estudiantes en el proceso de aprendizaje, fomentando la reflexión, la colaboración y la toma de decisiones. El alumno debe realizarse preguntas y cotejarlas con el contexto teórico. Según Esteve (2013), las fases del proceso enseñanzaaprendizaje para construir conocimiento mediante aprendizaje realista siguen un esquema práctico con los cuatro puntos clave conocido por sus siglas (ERIT): Experiencia, Reflexión, Interacción y Teoría. Se programa una clase teórica de RCPB con los objetivos de aprendizaje: describir la cadena de supervivencia, identificar la situación de parada cardiaca y explicar cómo son las comprensiones torácicas de calidad. Resultados: Duración de la clase de 2h en un aula de 62 alumnos/as de tercer curso del Grado en Enfermería. Programa de una clase teórica de RCPB con aprendizaje realista se basa en: 1. Dos días antes de la clase se le facilitan al alumnado los objetivos del tema; 2. Al iniciar la clase se recuerdan dichos objetivos. Se comienza con el punto E del esquema ERIT “experiencia”; 3. Después se le pide al alumnado que piense y reflexione de forma individual sobre las preguntas específicas formuladas por el profesor “reflexión”; 4. A continuación, se invita al alumnado a que comparta sus reflexiones escritas “Interacción” con compañeros (trabajo grupal de 5-6 personas) e intenten llegar a un consenso; 5. Finalmente, llegaríamos a la “Teoría” en el que un representante de cada grupo procede a compartir las respuestas y el profesor lo relaciona con la teoría. Conclusiones: A la hora de enseñar el algoritmo de RCPB es más importante enlazar con conocimientos previos del alumnado, enlazando con sus conocimientos las intervenciones principales de la cadena de supervivencia para un aprendizaje realista y de calidad.</subfield>
   </datafield>
   <datafield ind1="8" ind2=" " tag="024">
      <subfield code="a">García-Pazo P, Calvo Bota AM, Pol Castañer S, Sánchez Santos RM, Dosantos Fernández J, Luque López L. Aprendizaje realista para la adquisición de las competencias en reanimación cardiopulmonar básica. In: 6o Congreso Nacional del Consejo Español de RCP. Salamanca; 2023.</subfield>
   </datafield>
   <datafield ind1="8" ind2=" " tag="024">
      <subfield code="a">https://hdl.handle.net/20.500.13003/19984</subfield>
   </datafield>
   <datafield ind1="8" ind2=" " tag="024">
      <subfield code="a">https://hdl.handle.net/20.500.12105/23587</subfield>
   </datafield>
   <datafield ind2="0" ind1="0" tag="245">
      <subfield code="a">Aprendizaje realista para la adquisición de las competencias en reanimación cardiopulmonar básica</subfield>
   </datafield>
</record></metadata></record></GetRecord></OAI-PMH>